The soloist : (Record no. 1057)

MARC details
000 -LEADER
fixed length control field 00778cam a22002534a 4500
005 - DATE AND TIME OF LATEST TRANSACTION
control field 20260322212045.0
008 - FIXED-LENGTH DATA ELEMENTS--GENERAL INFORMATION
fixed length control field data
010 ## - LIBRARY OF CONGRESS CONTROL NUMBER
LC control number 2007046314
020 ## - INTERNATIONAL STANDARD BOOK NUMBER
International Standard Book Number 9780399155062
020 ## - INTERNATIONAL STANDARD BOOK NUMBER
International Standard Book Number 0399155066
040 ## - CATALOGING SOURCE
Original cataloging agency DLC
Transcribing agency DLC
Modifying agency DLC
043 ## - GEOGRAPHIC AREA CODE
Geographic area code n-us-ca
050 00 - LIBRARY OF CONGRESS CALL NUMBER
Classification number ML418.A96
Item number L66 2008
082 00 - DEWEY DECIMAL CLASSIFICATION NUMBER
Classification number B
-- B
Edition information 22
001 - CONTROL NUMBER
control field data
100 1# - MAIN ENTRY--PERSONAL NAME
Personal name Lopez, Steve.
245 14 - TITLE STATEMENT
Title The soloist :
Remainder of title a lost dream, an unlikely friendship, and the redemptive power of music /
Statement of responsibility, etc. Steve Lopez.
260 ## - PUBLICATION, DISTRIBUTION, ETC.
Place of publication, distribution, etc. New York :
Name of publisher, distributor, etc. G.P. Putnam's Sons,
Date of publication, distribution, etc. c2008.
300 ## - PHYSICAL DESCRIPTION
Extent ix, 273 p. ;
Dimensions 24 cm.
600 10 - SUBJECT ADDED ENTRY--PERSONAL NAME
Personal name Ayers, Nathaniel Anthony.
650 #0 - SUBJECT ADDED ENTRY--TOPICAL TERM
Topical term or geographic name entry element Violinists
Geographic subdivision California
-- California
Form subdivision Biography.
650 #0 - SUBJECT ADDED ENTRY--TOPICAL TERM
Topical term or geographic name entry element Homeless persons
Geographic subdivision Los Angeles.
-- Los Angeles.
650 #0 - SUBJECT ADDED ENTRY--TOPICAL TERM
Topical term or geographic name entry element Skid row
Geographic subdivision Los Angeles.
-- Los Angeles.
Holdings
Withdrawn status Lost status Damaged status Not for loan Home library Current library Shelving location Date acquired Total checkouts Full call number Barcode Date last seen Price effective from Koha item type
        Centerville Centerville General stacks 22/03/2026   787.2092 B 22 BC0011091 22/03/2026 22/03/2026 Books